[Event "Michigan Open"]
[Site "East Lansing"]
[Date "1991.09.01"]
[Round "4"]
[White "Spooner, Frank"]
[Black "Calton, David W"]
[Result "1-0"]
[WhiteElo "1804"]
[BlackElo "1924"]
[PlyCount "69"]
[EventDate "1991.08.30"]

1. Nf3 Nf6 2. e3 c5 3. b3 g6 4. Bb2 Bg7 5. Be2 O-O 6. O-O Nc6 7. d3 d5 8. Nbd2
Re8 9. c4 d4 10. exd4 cxd4 11. b4 Nxb4 12. Bxd4 Bf5 13. Nb3 Nh5 14. Bxg7 Kxg7
15. Nfd4 Nf4 16. Nxf5+ gxf5 17. d4 e6 18. Qd2 Qg5 19. g3 Nxe2+ 20. Qxe2 Nc6 21.
Rfe1 h5 22. Rad1 f4 23. d5 exd5 24. Rxd5 Qg6 25. Qb2+ Kh7 26. Red1 f3 27. Nd4
Nxd4 28. Qxd4 Re4 29. Rxh5+ Qxh5 30. Qxe4+ Kg8 31. Rd5 Qh6 32. Qxf3 Qc1+ 33.
Kg2 Qxc4 34. Rg5+ Kf8 35. Qa3+ 1-0

[Event "Michigan Open"]
[Site "East Lansing"]
[Date "1991.09.01"]
[Round "4"]
[White "Sobocinski, Mike"]
[Black "Fuller, William"]
[Result "0-1"]
[WhiteElo "1914"]
[BlackElo "2118"]
[PlyCount "164"]
[EventDate "1991.08.30"]

1. d4 c5 2. e3 Nf6 3. c3 e6 4. Bd3 b6 5. Nd2 Bb7 6. Ngf3 Nc6 7. O-O Ne7 8. e4
Ng6 9. e5 Nd5 10. Ne4 Qc7 11. Be3 c4 12. Nd6+ Bxd6 13. exd6 Qc6 14. Bxg6 hxg6
15. Ne5 Qxd6 16. h3 Nf6 17. Bf4 Qd5 18. f3 d6 19. Nxc4 Qxc4 20. Bxd6 Qc6 21.
Be5 O-O 22. Qb3 Ba6 23. Rfe1 Bc4 24. Qc2 Rac8 25. Rac1 a5 26. b3 Ba6 27. c4
Rfd8 28. Qf2 Qe8 29. Bxf6 gxf6 30. d5 Rd6 31. Qg3 Qd7 32. dxe6 Rxe6 33. Red1
Qe7 34. Rd5 Re8 35. Rcd1 Re1+ 36. Rxe1 Qxe1+ 37. Qxe1 Rxe1+ 38. Kf2 Ra1 39. Rd6
Rxa2+ 40. Kg3 Rb2 41. Rd8+ Kg7 42. Ra8 Bb7 43. Rb8 Ba6 44. Ra8 Bxc4 45. bxc4
Rb4 46. Ra6 Kf8 47. c5 bxc5 48. Rxa5 c4 49. Rc5 Ke7 50. Kf2 Kd6 51. Rc8 Kd5 52.
Rd8+ Kc5 53. Rc8+ Kd4 54. Rd8+ Kc3 55. Ke3 Kb3 56. Kd2 Rb5 57. Kc1 Re5 58. Kd1
g5 59. Rb8+ Kc3 60. Rb7 Rd5+ 61. Ke1 Kc2 62. Rxf7 Re5+ 63. Kf2 f5 64. g4 fxg4
65. fxg4 c3 66. Rf5 Re4 67. Rxg5 Kd3 68. Rd5+ Kc4 69. Rd1 c2 70. Rc1 Kd3 71.
Rxc2 Kxc2 72. Kf3 Kd3 73. g5 Kd4 74. g6 Re6 75. Kf4 Rxg6 76. h4 Rf6+ 77. Kg5
Ke5 78. h5 Ke6 79. h6 Kf7 80. h7 Rg6+ 81. Kh5 Rg1 82. h8=N+ Kg7 0-1

[Event "Michigan Open"]
[Site "East Lansing"]
[Date "1991.09.01"]
[Round "5"]
[White "Smith, Mike A"]
[Black "Aldrich, Jeff"]
[Result "0-1"]
[WhiteElo "1893"]
[BlackElo "1837"]
[PlyCount "76"]
[EventDate "1991.08.30"]

1. e4 c6 2. d4 d5 3. e5 Bf5 4. f4 e6 5. Bd3 Bxd3 6. Qxd3 Ne7 7. Nf3 Qb6 8. O-O
Nd7 9. Nbd2 c5 10. c3 Rc8 11. g4 h5 12. h3 cxd4 13. cxd4 hxg4 14. hxg4 g6 15.
g5 Nf5 16. Rf2 Nb8 17. Nf1 Nc6 18. Be3 Nb4 19. Qb3 Qa6 20. Rd2 Be7 21. a3 Nc6
22. N1h2 Rh3 23. Bf2 Kd7 24. Kg2 Rch8 25. Re1 Na5 26. Qd1 Nc4 27. Rde2 b5 28.
Ng4 Qc8 29. Nf6+ Bxf6 30. gxf6 Qg8 31. a4 Qh7 32. axb5 Rg3+ 33. Bxg3 Qh3+ 34.
Kg1 Nce3 35. Rxe3 Qxg3+ 36. Kf1 Nxe3+ 37. Rxe3 Rh1+ 38. Ke2 Qg2+ 0-1

[Event "Michigan Open"]
[Site "East Lansing"]
[Date "1991.09.01"]
[Round "4"]
[White "Smith, Ed"]
[Black "Bailey, Greg"]
[Result "0-1"]
[WhiteElo "1818"]
[BlackElo "2106"]
[PlyCount "66"]
[EventDate "1991.08.30"]

1. f4 e5 2. fxe5 d6 3. exd6 Bxd6 4. Nf3 g5 5. g3 g4 6. Nh4 Ne7 7. d4 Ng6 8.
Nxg6 hxg6 9. Bg2 Rxh2 10. Bf4 Rxh1+ 11. Bxh1 Bxf4 12. gxf4 Qh4+ 13. Kd2 Qf2 14.
Kc3 Qxf4 15. Na3 Qe3+ 16. Qd3 Qxd3+ 17. Kxd3 Nc6 18. c3 Bd7 19. e4 f5 20. exf5
gxf5 21. Re1+ Kf7 22. Bd5+ Kf6 23. Nb5 Nb4+ 24. cxb4 Bxb5+ 25. Kd2 Rd8 26. Re6+
Kg5 27. Bxb7 Rxd4+ 28. Kc3 Rd3+ 29. Kc2 Rd6 30. Re5 c6 31. Bc8 Bd3+ 32. Kc3 g3
33. Re8 g2 0-1

[Event "Michigan Open"]
[Site "East Lansing"]
[Date "1991.09.01"]
[Round "4"]
[White "Skidmore, Mike"]
[Black "June, Brian"]
[Result "1-0"]
[WhiteElo "1913"]
[BlackElo "1810"]
[PlyCount "95"]
[EventDate "1991.08.30"]

1. e4 c5 2. Nf3 Nc6 3. Bb5 g6 4. O-O Bg7 5. c3 Qb6 6. Ba4 e6 7. Na3 d6 8. Nc4
Qc7 9. Ne3 Nf6 10. d3 O-O 11. Bb3 b5 12. Bc2 Bb7 13. b3 Nd7 14. Bb2 b4 15. d4
Rac8 16. c4 Rfd8 17. Rb1 Ne7 18. d5 e5 19. Nh4 Nf6 20. f4 Kh8 21. fxe5 dxe5 22.
Nf3 Ne8 23. Ng5 Nd6 24. Ng4 Ng8 25. Nxe5 Rf8 26. Qd3 Qe7 27. Ngf3 Rce8 28. Rfe1
f6 29. Ng4 Bc8 30. Nf2 Nf7 31. Rbd1 Qd6 32. Nh4 Ngh6 33. h3 Bd7 34. Nf3 Re7 35.
Qe3 Qg3 36. Nh1 Qd6 37. Nf2 Qg3 38. Qxc5 Rfe8 39. Nh1 Qb8 40. Qf2 Ne5 41. Nxe5
fxe5 42. Qg3 Qb6+ 43. Qe3 Qf6 44. Rf1 Qh4 45. Qg3 Bf6 46. Qxh4 Bxh4 47. Nf2 Rf7
48. Nd3 1-0

[Event "Michigan Open"]
[Site "East Lansing"]
[Date "1991.09.01"]
[Round "5"]
[White "Skidmore, Jennifer"]
[Black "Robbins, Fred"]
[Result "1-0"]
[WhiteElo "1828"]
[BlackElo "1873"]
[PlyCount "75"]
[EventDate "1991.08.30"]

1. e4 Nf6 2. e5 Nd5 3. d4 d6 4. f4 Nb6 5. Nf3 Bg4 6. Be2 e6 7. O-O d5 8. Be3
N8d7 9. Nbd2 h6 10. c4 c6 11. c5 Nc8 12. Bd3 Ne7 13. h3 Bf5 14. Be2 Ng8 15. g4
Bh7 16. Nh2 Ne7 17. Ndf3 Qc7 18. Rc1 g6 19. Bd3 Bg7 20. b4 a6 21. a4 b5 22.
cxb6 Qxb6 23. Qd2 O-O 24. Nh4 f5 25. exf6 Bxf6 26. N2f3 Bg7 27. Kh1 Rab8 28.
Rb1 Qa7 29. f5 g5 30. Ng6 Bxg6 31. fxg6 Qc7 32. h4 Qg3 33. Nh2 Rxf1+ 34. Rxf1
gxh4 35. Rf7 Nf6 36. Bf4 Qh3 37. Bxb8 Nxg4 38. Bf1 1-0

[Event "Michigan Open"]
[Site "East Lansing"]
[Date "1991.09.01"]
[Round "5"]
[White "Sherbel, Steve"]
[Black "Gawarecki, Leszek"]
[Result "1/2-1/2"]
[WhiteElo "2003"]
[BlackElo "2144"]
[PlyCount "81"]
[EventDate "1991.08.30"]

1. d4 d5 2. c4 e6 3. cxd5 exd5 4. Nc3 c5 5. Nf3 Nc6 6. g3 Nf6 7. Bg2 Be7 8. O-O
O-O 9. dxc5 Bxc5 10. e3 Bf5 11. Ne2 Be4 12. Bd2 Qb6 13. Bc3 Nd7 14. Ned4 Rfd8
15. Qd2 Be7 16. Nxc6 Qxc6 17. Rac1 Qa6 18. a3 Rac8 19. Bd4 Bf6 20. Rxc8 Rxc8
21. Rc1 Rxc1+ 22. Qxc1 Qc4 23. Qd2 Bxd4 24. Nxd4 h6 25. f3 Bg6 26. Bf1 Qc5 27.
Nb3 Qb6 28. Qc3 Kh7 29. Kf2 Qd6 30. Bd3 Ne5 31. Bxg6+ Kxg6 32. Nd4 Kh7 33. b4
a6 34. Qc8 b5 35. Ke2 Nc4 36. Qf5+ Kg8 37. Qc8+ Kh7 38. Qf5+ Kg8 39. Qc8+ Kh7
40. Qf5+ Kg8 41. Qc8+ 1/2-1/2

[Event "Michigan Open"]
[Site "East Lansing"]
[Date "1991.09.01"]
[Round "5"]
[White "Scott, Steven"]
[Black "Vandivier, Don"]
[Result "0-1"]
[WhiteElo "1884"]
[BlackElo "2062"]
[PlyCount "56"]
[EventDate "1991.08.30"]

1. e4 c5 2. Nc3 a6 3. a4 g6 4. g3 Bg7 5. Bg2 Nc6 6. Nge2 d6 7. d3 Nf6 8. O-O
Bg4 9. h3 Bd7 10. Be3 Qc8 11. Kh2 h5 12. d4 cxd4 13. Nxd4 Ne5 14. Bg5 Qc5 15.
Nb3 Nfg4+ 16. hxg4 Nxg4+ 17. Kg1 Qxg5 18. Nd2 Ne5 19. Nf3 Nxf3+ 20. Qxf3 Rc8
21. Qd3 h4 22. gxh4 Rxh4 23. Ne2 Qe5 24. Ng3 Qxb2 25. Rab1 Qxc2 26. Qxc2 Rxc2
27. Rxb7 Bxa4 28. Ra1 Bxa1 0-1

[Event "Michigan Open"]
[Site "East Lansing"]
[Date "1991.09.01"]
[Round "4"]
[White "Schoonmaker, John"]
[Black "Mazuchowski, Tom"]
[Result "0-1"]
[WhiteElo "1967"]
[BlackElo "2159"]
[PlyCount "96"]
[EventDate "1991.08.30"]

1. d4 Nf6 2. Nf3 g6 3. Bg5 Bg7 4. Nbd2 d6 5. e3 Nbd7 6. c3 h6 7. Bxf6 Nxf6 8.
Be2 b6 9. b4 Bb7 10. a4 a5 11. b5 O-O 12. O-O Ne4 13. Qb3 Nxd2 14. Nxd2 e5 15.
Bf3 Bxf3 16. Nxf3 e4 17. Nd2 Qe7 18. Rac1 Kh7 19. Qd5 Rae8 20. c4 f5 21. c5
dxc5 22. dxc5 Rd8 23. Qa2 Rd3 24. cxb6 cxb6 25. Rc2 Rfd8 26. Rfc1 Qb4 27. Nf1
Rd1 28. Rc7 Qe1 29. Qc4 Rxc1 30. Qxc1 Qxc1 31. Rxc1 Bf8 32. Rc7+ Kg8 33. Rc6
Rd6 34. Rxd6 Bxd6 35. f3 exf3 36. gxf3 Kf7 37. Kf2 Ke6 38. Ke2 Kd5 39. Kd3 Be5
40. h3 Kc5 41. Nd2 Kb4 42. Nc4 Bc7 43. e4 fxe4+ 44. fxe4 Kxa4 45. Kd4 Kxb5 46.
Kd5 a4 47. e5 Bxe5 48. Nxe5 a3 0-1

[Event "Michigan Open"]
[Site "East Lansing"]
[Date "1991.09.01"]
[Round "4"]
[White "Sanborn, Richard"]
[Black "Burke, Tim"]
[Result "0-1"]
[WhiteElo "1877"]
[BlackElo "1733"]
[PlyCount "78"]
[EventDate "1991.08.30"]

1. e4 c5 2. Nf3 d6 3. d4 cxd4 4. Nxd4 Nf6 5. Nc3 a6 6. Bg5 Nbd7 7. f4 e6 8. Qf3
Be7 9. g4 Qc7 10. O-O-O b5 11. a3 Bb7 12. Bd3 O-O-O 13. Rhe1 Nc5 14. Bh4 h6 15.
Bf2 Nfd7 16. Bf1 g6 17. b4 e5 18. Ndxb5 axb5 19. Nxb5 Qb6 20. bxc5 dxc5 21. Qb3
Qf6 22. f5 gxf5 23. gxf5 Rhg8 24. h3 Nb6 25. Rxd8+ Rxd8 26. Bc4 Nxc4 27. Qxc4
Qb6 28. a4 Qa5 29. Rd1 Bg5+ 30. Kb2 Rxd1 31. Qxc5+ Kd7 32. Qf8 Be7 33. Qxe7+
Kxe7 34. Bc5+ Kd7 35. Kb3 Bxe4 36. f6 Bd5+ 37. c4 Rd3+ 38. Kc2 Qd2+ 39. Kb1
Rxh3 0-1

[Event "Michigan Open"]
[Site "East Lansing"]
[Date "1991.09.01"]
[Round "5"]
[White "Sanborn, Richard"]
[Black "Ball, Ed"]
[Result "1/2-1/2"]
[WhiteElo "1877"]
[BlackElo "1924"]
[PlyCount "40"]
[EventDate "1991.08.30"]

1. e4 e6 2. d4 d5 3. exd5 exd5 4. f4 c5 5. Bb5+ Nc6 6. Nf3 Nf6 7. O-O Be7 8.
Ne5 Qb6 9. Bxc6+ bxc6 10. c3 O-O 11. b3 cxd4 12. cxd4 c5 13. Ba3 Re8 14. Nc3
cxd4 15. Na4 Qb5 16. Bxe7 Rxe7 17. Qxd4 Bb7 18. Rac1 Ne4 19. Nc3 Nxc3 20. Rxc3
Qe2 1/2-1/2

[Event "Michigan Open"]
[Site "East Lansing"]
[Date "1991.09.01"]
[Round "4"]
[White "Robbins, Fred"]
[Black "Kitts, Gary"]
[Result "0-1"]
[WhiteElo "1873"]
[BlackElo "2064"]
[PlyCount "80"]
[EventDate "1991.08.30"]

1. f4 Nf6 2. b3 g6 3. Bb2 Bg7 4. e4 O-O 5. Qf3 d6 6. h3 c5 7. Nc3 Nc6 8. Nge2
e5 9. O-O-O Re8 10. Nd5 Nxd5 11. exd5 Nd4 12. Nxd4 cxd4 13. d3 Bd7 14. g4 Qf6
15. f5 gxf5 16. gxf5 Qxf5 17. Qg2 Kh8 18. Re1 Rg8 19. Qe2 Qg6 20. Kb1 f5 21.
Bg2 Bh6 22. Bf3 Be3 23. Bc1 f4 24. c4 Bf5 25. Kc2 h6 26. Ref1 Qh7 27. Rh2 Rg3
28. Bxe3 dxe3 29. Bg4 Rg8 30. Rfh1 h5 31. Kc3 Qc7 32. Bxf5 Qa5+ 33. Kb2 f3 34.
Qxe3 Rg2+ 35. Qf2 Rxf2+ 36. Rxf2 Rg2 37. Rhf1 Rxf2+ 38. Rxf2 Qe1 39. Rc2 f2 40.
Be4 f1=Q 0-1

[Event "Michigan Open"]
[Site "East Lansing"]
[Date "1991.09.01"]
[Round "5"]
[White "Repkin, Victor"]
[Black "Smith, Ed"]
[Result "1/2-1/2"]
[WhiteElo "2041"]
[BlackElo "1818"]
[PlyCount "103"]
[EventDate "1991.08.30"]

1. d4 Nf6 2. Nf3 d5 3. g3 g6 4. Bg2 Bg7 5. O-O O-O 6. c4 c6 7. Bf4 dxc4 8. Ne5
Be6 9. Na3 Nd5 10. Bc1 c3 11. e4 cxb2 12. Bxb2 Nb6 13. Qc2 Bxe5 14. dxe5 Na6
15. f4 f5 16. exf6 exf6 17. Rad1 Qe7 18. Kh1 Rad8 19. f5 gxf5 20. exf5 Bd5 21.
Rde1 Qf7 22. g4 Bxg2+ 23. Qxg2 Qd5 24. Rf3 Rde8 25. Rg1 Re7 26. g5 Rg7 27. g6
hxg6 28. fxg6 Nd7 29. h4 Ne5 30. Bxe5 Qxe5 31. Qg4 f5 32. Qc4+ Kh8 33. h5 f4
34. Qc3 Rf5 35. Qxe5 Rxe5 36. Rh3 Re3 37. Rxe3 fxe3 38. h6 Rg8 39. Re1 Rxg6 40.
Rxe3 Rxh6+ 41. Kg2 Rg6+ 42. Kf2 Nb4 43. Nc4 Nd5 44. Ra3 a6 45. Na5 b5 46. Nb7
Nb4 47. Nc5 Rh6 48. Nxa6 Rh2+ 49. Kg1 Rxa2 50. Rh3+ Kg7 51. Nxb4 Ra1+ 52. Kf2
1/2-1/2

[Event "Michigan Open"]
[Site "East Lansing"]
[Date "1991.09.01"]
[Round "5"]
[White "Owens, James"]
[Black "Thompson, Dexter"]
[Result "1-0"]
[WhiteElo "2117"]
[BlackElo "2259"]
[PlyCount "101"]
[EventDate "1991.08.30"]

1. e4 e5 2. Nc3 Nf6 3. f4 d5 4. fxe5 Nxe4 5. Nf3 Nc6 6. Bb5 Be7 7. O-O O-O 8.
Qe2 Bc5+ 9. Kh1 Nxc3 10. dxc3 a6 11. Bxc6 bxc6 12. Be3 Be7 13. Qf2 f6 14. exf6
Bxf6 15. Bc5 Be7 16. Bxe7 Qxe7 17. Rae1 Qf6 18. Qd4 Qxd4 19. cxd4 Rb8 20. b3
Bf5 21. Ne5 Bxc2 22. Nxc6 Rbe8 23. Rxf8+ Kxf8 24. Rxe8+ Kxe8 25. Nb4 Bb1 26. a3
c5 27. dxc5 d4 28. Kg1 a5 29. Nc6 d3 30. Kf2 Bc2 31. Ke3 Bxb3 32. Nxa5 Bd5 33.
g3 Kd7 34. Kxd3 Bh1 35. Kd4 Ke6 36. Nc4 Bc6 37. Ne3 h5 38. Nc4 g5 39. Ne5 Bb5
40. Ke4 h4 41. gxh4 gxh4 42. Ng6 Bc6+ 43. Kd4 Kf6 44. Nxh4 Kg5 45. Ke5 Kxh4 46.
Kd6 Bf3 47. c6 Kh3 48. a4 Kxh2 49. a5 Be2 50. c7 Ba6 51. Kd7 1-0

[Event "Michigan Open"]
[Site "East Lansing"]
[Date "1991.09.01"]
[Round "4"]
[White "O'Donnell, Robert"]
[Black "Ward, Tom"]
[Result "1-0"]
[WhiteElo "2299"]
[BlackElo "2105"]
[PlyCount "43"]
[EventDate "1991.08.30"]

1. d4 Nf6 2. c4 e6 3. Nf3 c5 4. d5 b5 5. Bg5 a6 6. e4 d6 7. cxb5 Be7 8. Nc3
Nxd5 9. exd5 Bxg5 10. dxe6 Bxe6 11. Nxg5 Qxg5 12. Qxd6 Qe7 13. O-O-O Qxd6 14.
Rxd6 Ke7 15. Rb6 axb5 16. Bxb5 Rd8 17. a3 Ra7 18. Rd1 Nd7 19. Bxd7 Rdxd7 20.
Rxd7+ Kxd7 21. Kd2 Kc7 22. Rxe6 1-0

[Event "Michigan Open"]
[Site "East Lansing"]
[Date "1991.09.01"]
[Round "5"]
[White "Norman, Bryan"]
[Black "Finegold, Ron"]
[Result "1/2-1/2"]
[WhiteElo "2285"]
[BlackElo "2166"]
[PlyCount "90"]
[EventDate "1991.08.30"]

1. e4 d5 2. exd5 Qxd5 3. Nc3 Qa5 4. d4 Nf6 5. Nf3 c6 6. Bc4 Bg4 7. h3 Qh5 8.
Be2 Bxf3 9. Bxf3 Qa5 10. O-O e6 11. Re1 Bb4 12. Bd2 O-O 13. a3 Bxc3 14. Bxc3
Qc7 15. b3 Rd8 16. Qe2 Nbd7 17. Rad1 Rab8 18. Rd2 Rbc8 19. h4 Nf8 20. Red1 Rd7
21. Bb2 Rcd8 22. c4 Ng6 23. g3 Ne7 24. h5 Qb6 25. b4 Nf5 26. Kg2 Qa6 27. d5
cxd5 28. Bxf6 gxf6 29. cxd5 Qxe2 30. Rxe2 Ne7 31. Rde1 Nxd5 32. Rc1 h6 33. Rec2
Kf8 34. Rc8 Ke7 35. Kf1 b6 36. Ke2 f5 37. Bxd5 Rxd5 38. R1c7+ R5d7 39. Ke3 Rxc8
40. Rxc8 Kf6 41. f4 Rd5 42. Rb8 Rd7 43. Rc8 Kg7 44. a4 Kf6 45. Rc6 Kg7 1/2-1/2

[Event "Michigan Open"]
[Site "East Lansing"]
[Date "1991.09.01"]
[Round "5"]
[White "Noren, Kevin"]
[Black "Norcross, John"]
[Result "1/2-1/2"]
[WhiteElo "2270"]
[BlackElo "2139"]
[PlyCount "85"]
[EventDate "1991.08.30"]

1. c4 Nf6 2. Nc3 d6 3. e4 g6 4. d4 Bg7 5. Nf3 O-O 6. Be2 e5 7. O-O Nbd7 8. Re1
Re8 9. d5 Nc5 10. Qc2 a5 11. Bg5 h6 12. Be3 Nfd7 13. Rab1 Rf8 14. Nd2 f5 15.
exf5 gxf5 16. f4 Qf6 17. Nf3 Ne4 18. Nxe4 fxe4 19. Qxe4 exf4 20. Bd4 Ne5 21.
Bxe5 dxe5 22. Bd3 Bf5 23. Qxf5 Qxf5 24. Bxf5 Rxf5 25. Re4 Re8 26. Rd1 Rd8 27.
Kf1 b6 28. Rde1 Re8 29. b3 Bf6 30. h3 Re7 31. a3 Kf7 32. b4 axb4 33. axb4 Ke8
34. Ra1 Kd7 35. Nd2 Rg7 36. Ra2 Be7 37. Ra4 Bd6 38. Re2 Rff7 39. Rf2 Rg8 40. b5
Bc5 41. Rf3 Rgg7 42. Ne4 Bd6 43. Ra8 1/2-1/2

[Event "Michigan Open"]
[Site "East Lansing"]
[Date "1991.09.01"]
[Round "5"]
[White "Needleman, Andrew"]
[Black "Zacks, Naum"]
[Result "1-0"]
[WhiteElo "1620"]
[BlackElo "1891"]
[PlyCount "139"]
[EventDate "1991.08.30"]

1. d4 d6 2. c4 g6 3. e4 c5 4. Be3 Bg7 5. Nc3 Nf6 6. f3 cxd4 7. Bxd4 Nc6 8. Be3
O-O 9. Bd3 Ne5 10. Nge2 Qa5 11. O-O Be6 12. b3 Nxd3 13. Qxd3 Qh5 14. Nf4 Qa5
15. Rac1 Bd7 16. Rc2 Rfd8 17. Ncd5 e6 18. Bd2 Qa6 19. Nxf6+ Bxf6 20. Bc3 Bg5
21. Nh3 Bh6 22. Qd4 e5 23. Qf2 Bxh3 24. gxh3 Rac8 25. Rd1 Qc6 26. Qxa7 Qd7 27.
Bxe5 Qxh3 28. Bg3 b5 29. Qf2 bxc4 30. Rxc4 Qe6 31. Rxc8 Qxc8 32. Rxd6 Qc1+ 33.
Qf1 Be3+ 34. Kg2 Qc2+ 35. Kh1 Ra8 36. Qd1 Qb2 37. Rd8+ Rxd8 38. Qxd8+ Kg7 39.
Qa5 Bd4 40. Qe1 Qxa2 41. Qd1 Qb2 42. Bf4 h6 43. Qd2 Qa1+ 44. Qc1 Qa6 45. Qd1
Qf6 46. Bg3 g5 47. Kg2 h5 48. Qe2 h4 49. Be1 Qe6 50. b4 f5 51. Qd2 Bf6 52. exf5
Qxf5 53. h3 Kg6 54. Qe2 Be5 55. Qe4 Kf6 56. Qxf5+ Kxf5 57. b5 Ke6 58. Bf2 Kd7
59. Kf1 Kc7 60. b6+ Kb7 61. Ke2 Kc6 62. Be3 Bf6 63. Kd3 Bd8 64. Ke4 Bxb6 65.
Bxb6 Kxb6 66. Kf5 Kc6 67. Kxg5 Kd6 68. Kxh4 Ke6 69. Kg5 Kf7 70. f4 1-0

[Event "Michigan Open"]
[Site "East Lansing"]
[Date "1991.09.01"]
[Round "4"]
[White "Needleman, Andrew"]
[Black "Smith, Mike A"]
[Result "1/2-1/2"]
[WhiteElo "1620"]
[BlackElo "1893"]
[PlyCount "37"]
[EventDate "1991.08.30"]

1. d4 Nf6 2. c4 c5 3. d5 b5 4. cxb5 a6 5. b6 Qxb6 6. Nc3 g6 7. e4 d6 8. a4 a5
9. Bb5+ Bd7 10. Qe2 Bxb5 11. Qxb5+ Qxb5 12. Nxb5 Kd7 13. f3 Na6 14. Bd2 Nc7 15.
Na3 Bg7 16. Nc4 Rhb8 17. Bc3 Nfe8 18. Ne2 Bxc3+ 19. bxc3 1/2-1/2

[Event "Michigan Open"]
[Site "East Lansing"]
[Date "1991.09.01"]
[Round "4"]
[White "Moore, Robert"]
[Black "Welch, Joseph"]
[Result "1-0"]
[WhiteElo "1822"]
[BlackElo "1554"]
[PlyCount "83"]
[EventDate "1991.08.30"]

1. e4 e6 2. d4 d5 3. Nd2 c5 4. exd5 Qxd5 5. dxc5 Bxc5 6. Qf3 Nf6 7. Qxd5 Nxd5
8. Ngf3 Nc6 9. a3 O-O 10. c4 Nf6 11. b4 Bd6 12. Be2 Rd8 13. O-O b6 14. Bb2 Be7
15. Rfd1 Bb7 16. h3 Rd7 17. Nf1 Rad8 18. Rxd7 Rxd7 19. Rd1 Rxd1 20. Bxd1 h6 21.
Bc2 Nd7 22. Ng3 Bf6 23. Bxf6 Nxf6 24. Kf1 Kf8 25. Ke2 Ke7 26. Ke3 Kd6 27. Ne4+
Nxe4 28. Bxe4 Bc8 29. Bxc6 Kxc6 30. Ne5+ Kd6 31. Nxf7+ Kc7 32. Kd4 Kd7 33. Ke5
Ke7 34. Nd6 Bd7 35. b5 Kd8 36. f4 Ke7 37. g4 Kd8 38. h4 Ke7 39. h5 Kd8 40. g5
Ke7 41. gxh6 gxh6 42. a4 1-0

[Event "Michigan Open"]
[Site "East Lansing"]
[Date "1991.09.01"]
[Round "4"]
[White "Moody, David"]
[Black "Knecht, Mark"]
[Result "1/2-1/2"]
[WhiteElo "2000"]
[BlackElo "2160"]
[PlyCount "66"]
[EventDate "1991.08.30"]

1. e4 e6 2. d4 d5 3. Nc3 Bb4 4. e5 Qd7 5. Qg4 Bf8 6. Nce2 b6 7. Ng3 Ne7 8. Nh5
Ng6 9. h4 Ba6 10. Nxg7+ Bxg7 11. h5 Bxf1 12. hxg6 hxg6 13. Rxh8+ Bxh8 14. Qh4
Bg7 15. Kxf1 Nc6 16. b3 Qe7 17. Qh7 Qf8 18. Nf3 O-O-O 19. a4 Qh8 20. Qxh8 Rxh8
21. Ke2 Rh1 22. Bb2 Rxa1 23. Bxa1 Bh6 24. Bb2 Nb4 25. Kd1 Kd7 26. Bc1 Bf8 27.
Ba3 Be7 28. Ng5 Bxg5 29. Bxb4 c6 30. Ke2 a6 31. a5 b5 32. Bc5 Bf4 33. g3 Bg5
1/2-1/2

[Event "Michigan Open"]
[Site "East Lansing"]
[Date "1991.09.01"]
[Round "4"]
[White "Mitchell, Richard"]
[Black "Skidmore, Jennifer"]
[Result "1/2-1/2"]
[WhiteElo "1950"]
[BlackElo "1828"]
[PlyCount "134"]
[EventDate "1991.08.30"]

1. b3 e5 2. Bb2 Nc6 3. e3 d5 4. Bb5 Bd6 5. Nf3 f6 6. c4 Nge7 7. Nc3 a6 8. Bxc6+
bxc6 9. d4 e4 10. Nd2 Bb4 11. Qc2 Bf5 12. a3 Bxc3 13. Qxc3 O-O 14. O-O Kh8 15.
Rfc1 Ra7 16. Rc2 Qd7 17. Rac1 Rc8 18. b4 Bg6 19. Nb3 Nf5 20. Nc5 Qe7 21. cxd5
cxd5 22. Nb3 Nh4 23. Nc5 f5 24. Qe1 Qg5 25. Qf1 Qf6 26. Nd7 Qe7 27. Ne5 Be8 28.
Rc6 Qg5 29. Kh1 Kg8 30. R6c5 Bb5 31. Rxb5 axb5 32. g3 Ng6 33. Qxb5 Nxe5 34.
dxe5 Qd8 35. Rc5 Qf8 36. Qc6 Rd8 37. Rxd5 Raa8 38. Qc4 Kh8 39. Rd4 Qe7 40. Kg2
h6 41. b5 Kh7 42. a4 Re8 43. Rd2 Red8 44. Rc2 Rac8 45. Bd4 h5 46. h4 Rg8 47.
Qc5 Qf7 48. Qc4 Qg6 49. Qe2 Rge8 50. Rc6 Re6 51. Rxe6 Qxe6 52. Qxh5+ Kg8 53.
Qg5 Ra8 54. a5 Rxa5 55. Qd8+ Kh7 56. Qxc7 Rxb5 57. Qd8 Rd5 58. Qg5 Ra5 59. Qh5+
Kg8 60. Qg5 Ra2 61. Qh5 Rc2 62. Kg1 Rc1+ 63. Kg2 g6 64. Qg5 Qa6 65. Qd8+ Kh7
66. Qe7+ Kh6 67. Qg5+ Kh7 1/2-1/2

[Event "Michigan Open"]
[Site "East Lansing"]
[Date "1991.09.01"]
[Round "5"]
[White "Mazuchowski, Tom"]
[Black "Bailey, Greg"]
[Result "1-0"]
[WhiteElo "2159"]
[BlackElo "2106"]
[PlyCount "80"]
[EventDate "1991.08.30"]

1. e4 e6 2. Qe2 b6 3. b3 c5 4. Bb2 Nc6 5. Nf3 Bb7 6. g3 Nf6 7. d3 Be7 8. Bg2
Qc7 9. O-O O-O 10. Re1 e5 11. c3 d6 12. Na3 a6 13. Nc2 Rfe8 14. Bc1 Rad8 15.
Nh4 g6 16. Bh6 d5 17. f4 dxe4 18. dxe4 exf4 19. Bxf4 Qd7 20. Rad1 Qc8 21. Bf3
Kg7 22. e5 Ng8 23. Bg4 Qa8 24. Nf5+ gxf5 25. Bxf5 Bc8 26. Qg4+ Kh8 27. Ne3 Bf8
28. Rxd8 Nxd8 29. Bxc8 Nc6 30. Bd7 Nxe5 31. Bxe5+ Rxe5 32. Qf4 Bg7 33. Rf1 Re4
34. Qf3 Nf6 35. Bf5 Re8 36. Qxa8 Rxa8 37. Rd1 Kg8 38. c4 Kf8 39. Kf1 Ke7 40.
Bh3 Kf8 1-0

[Event "Michigan Open"]
[Site "East Lansing"]
[Date "1991.09.01"]
[Round "5"]
[White "Manion, Tom"]
[Black "Jarosz, Stan"]
[Result "1/2-1/2"]
[WhiteElo "1847"]
[BlackElo "2031"]
[PlyCount "135"]
[EventDate "1991.08.30"]

1. e4 e6 2. d3 d5 3. Nd2 Nf6 4. g3 dxe4 5. dxe4 Nc6 6. Bg2 Bc5 7. Ngf3 e5 8.
O-O O-O 9. Qe2 Qe7 10. c3 Rd8 11. b4 Bb6 12. a4 a6 13. Rd1 Bg4 14. Ba3 Qe8 15.
h3 Bxf3 16. Qxf3 Rd7 17. Nc4 Rxd1+ 18. Rxd1 Ba7 19. b5 axb5 20. axb5 Nd8 21.
Rb1 Ne6 22. Bf1 Nc5 23. Bxc5 Bxc5 24. Ne3 Ra3 25. Nc2 Ra2 26. Qd3 b6 27. Ra1
Rxa1 28. Nxa1 Qa8 29. Nb3 Nxe4 30. Bg2 Nxf2 31. Qd7 Ne4+ 32. Nxc5 Nxc5 33. Qxc7
Ne6 34. Qxe5 Qd8 35. Bd5 Qc7 36. Qxc7 Nxc7 37. Bc6 Kf8 38. Kf2 Ke7 39. Ke3 Kd6
40. Kd4 Ne6+ 41. Kc4 Ke5 42. h4 Nc5 43. Bf3 f5 44. Kb4 Ne4 45. c4 Kd4 46. g4
fxg4 47. Bxg4 Nc5 48. Be2 Ke3 49. Bf1 Kd2 50. h5 h6 51. Bh3 Ke3 52. Bf5 Kd4 53.
Bg6 Ke5 54. Kc3 Ne6 55. Bf7 Nc5 56. Bg6 Ne6 57. Bf7 Nf4 58. Be8 Kd6 59. Kd4
Ne6+ 60. Ke4 Nf8 61. Kf5 Ke7 62. Bc6 Kd6 63. Bd5 Kc5 64. Bf7 Kd6 65. Bg8 Kc5
66. Bd5 Kd6 67. Bg8 Kc5 68. Bd5 1/2-1/2

[Event "Michigan Open"]
[Site "East Lansing"]
[Date "1991.09.01"]
[Round "5"]
[White "Malumphy, Joseph"]
[Black "Moore, Robert"]
[Result "1-0"]
[WhiteElo "1966"]
[BlackElo "1822"]
[PlyCount "59"]
[EventDate "1991.08.30"]

1. e4 c5 2. Nf3 d6 3. d4 cxd4 4. Nxd4 Nf6 5. Nc3 a6 6. Bg5 e6 7. f4 Be7 8. Qf3
Qc7 9. O-O-O Nc6 10. Nb3 O-O 11. g4 h6 12. h4 Nh7 13. Bxe7 Qxe7 14. g5 f5 15.
exf5 Rxf5 16. Bd3 Ne5 17. Qe4 Nxd3+ 18. Rxd3 Qf7 19. Ne2 d5 20. Qe3 Qh5 21. Ng3
Qf7 22. Nxf5 exf5 23. Rhd1 Be6 24. Nc5 Re8 25. Qg3 hxg5 26. hxg5 Qg6 27. Nxe6
Rxe6 28. Rxd5 Nf6 29. Rd8+ Kf7 30. Qb3 1-0

[Event "Michigan Open"]
[Site "East Lansing"]
[Date "1991.09.01"]
[Round "5"]
[White "Levadi, David"]
[Black "Mikus, Jim"]
[Result "1-0"]
[WhiteElo "1957"]
[BlackElo "1792"]
[PlyCount "67"]
[EventDate "1991.08.30"]

1. c4 c5 2. g3 g6 3. Bg2 Bg7 4. Nc3 Nc6 5. d3 Nf6 6. e4 d6 7. f4 O-O 8. Nf3 Bd7
9. O-O Qc8 10. Rb1 Bg4 11. Ne2 Rb8 12. Bd2 a6 13. b3 b5 14. Kf2 bxc4 15. bxc4
Rxb1 16. Qxb1 Qc7 17. a3 Rb8 18. Qc2 Qb6 19. h3 Bxf3 20. Bxf3 Qb3 21. Qxb3 Rxb3
22. e5 dxe5 23. Bxc6 Rxd3 24. Bc1 exf4 25. Nxf4 Rd4 26. Bb7 Rxc4 27. Bxa6 Rc2+
28. Kf3 e5 29. Ne2 e4+ 30. Kg2 c4 31. Kf2 Nd5 32. Rd1 Nc3 33. Rd8+ Bf8 34. Bh6
1-0